Bairros mais valorizados de Curitiba - Statistics

Estatísticas Gerais
  • Esse quiz foi jogado 51 vezes
  • A pontuação média é 11 de 20
Estatísticas das Respostas
Zona Regional Valor/m² Bairro % Correto
2 Central Matriz 10.900 Batel
96%
17 Central Matriz 7.920 Centro
91%
9 Central Portão 9.069 Água Verde
85%
1 Oeste Matriz 10.980 Bigorrilho
79%
6 Norte Matriz 9.703 Cabral
70%
3 Oeste Santa Felicidade 10.629 Mossunguê
68%
11 Central Matriz 8.763 Centro Cívico
64%
5 Central Matriz 9.874 Alto da Glória
62%
7 Norte Matriz 9.581 Juvevê
60%
13 Norte Matriz 8.445 Ahú
55%
15 Oeste Santa Felicidade 8.067 Campo Comprido
51%
19 Central Matriz 7.781 Alto da XV
49%
14 Leste Matriz 8.132 Cristo Rei
49%
16 Central Matriz 8.058 Mercês
49%
12 Oeste Portão 8.524 Vila Izabel
49%
4 Oeste Portão 8.912 Seminário
45%
8 Oeste Santa Felicidade 9.314 Campina do Siqueira
43%
10 Leste Matriz 8.859 Hugo Lange
43%
18 Oeste Santa Felicidade 7.919 Cascatinha
17%
20 Oeste Santa Felicidade 7.729 Lamenha Pequena
9%
Nenhum quiz correspondente encontrado
Distribuição das Pontuações
Porcentagem de Pessoas com Cada Pontuação
Percentil de Números Respondidos
Sua Pontuação Histórica
Você não jogou esse quiz